Faculty of Law Library — Cairo University

Official Online Catalog

دروس أولية في القسم لعام من قانون العقوبات مع الترجمة العربية = Cours Élémentaire De Droit Penal General Avec la (Record no. 69241)

MARC details
000 -LEADER
fixed length control field 01153nam a2200301 4500
003 - CONTROL NUMBER IDENTIFIER
control field EG-GICUC
005 - DATE AND TIME OF LATEST TRANSACTION
control field 20260406093328.0
008 - FIXED-LENGTH DATA ELEMENTS--GENERAL INFORMATION
fixed length control field 260406t20082009ua|||||f |||| 00| 0 ara d
040 ## - CATALOGING SOURCE
Original cataloging agency EG-GICUC
Language of cataloging ara
Transcribing agency EG-GICUC
Modifying agency EG-GICUC
Description conventions rda
043 ## - GEOGRAPHIC AREA CODE
Geographic area code f-ua---
082 04 - DEWEY DECIMAL CLASSIFICATION NUMBER
Edition number 21
Classification number 343.2
092 04 - LOCALLY ASSIGNED DEWEY CALL NUMBER (OCLC)
Edition number 21
099 ## - LOCAL FREE-TEXT CALL NUMBER (OCLC)
Classification number Law1 10 343.2 أ ح . د 2009
100 0# - MAIN ENTRY--PERSONAL NAME
Personal name أحمد عوض بلال
245 10 - TITLE STATEMENT
Title دروس أولية في القسم لعام من قانون العقوبات مع الترجمة العربية = Cours Élémentaire De Droit Penal General Avec la
Statement of responsibility, etc. أحمد عوض بلال
250 ## - EDITION STATEMENT
Edition statement الطبعة الثالثة
264 ## - PRODUCTION, PUBLICATION, DISTRIBUTION, MANUFACTURE, AND COPYRIGHT NOTICE
Place of production, publication, distribution, manufacture القاهرة;
Name of producer, publisher, distributor, manufacturer دار النهضة العربية;
Date of production, publication, distribution, manufacture, or copyright notice 2009.
300 ## - PHYSICAL DESCRIPTION
Extent 109 صفحة
Dimensions 24 سم
336 ## - CONTENT TYPE
Source rda content
Content type term text
337 ## - MEDIA TYPE
Source rda media
Media type term Computer
338 ## - CARRIER TYPE
Source rda carrier
Carrier type term Online Resource
500 ## - GENERAL NOTE
General note الكتاب بالللغتين العربية والفرنسية
650 14 - SUBJECT ADDED ENTRY--TOPICAL TERM
Topical term or geographic name entry element قانون العقوبات -
General subdivision القسم الخاص
Source of heading or term qrmak
651 1# - SUBJECT ADDED ENTRY--GEOGRAPHIC NAME
Source of heading or term qrmak
856 40 - ELECTRONIC LOCATION AND ACCESS
Uniform Resource Identifier <a href="https://fll.law.cu.edu.eg/fulltext/bks/B10-08697.pdf">https://fll.law.cu.edu.eg/fulltext/bks/B10-08697.pdf</a>
905 ## - Cataloger and Reviser Names
Cataloger Name: Radwa
942 ## - ADDED ENTRY ELEMENTS (KOHA)
Source of classification or shelving scheme Dewey Decimal Classification
Suppress in OPAC No
Koha item type Books
Edition 21
Holdings
Withdrawn status Lost status Source of classification or shelving scheme Damaged status Not for loan Home library Current library Date acquired Total checkouts Full call number Barcode Date last seen Price effective from Koha item type Collection
    Dewey Decimal Classification     جــــامعة القــاهرة مكتبة كلية الحقوق - المبنى الرئيسي 06.04.2026   Law1 10 343.2 أ ح . د 3 ed - 2009 1008697 C1 B10-08697 06.04.2026 06.04.2026 Books  
    Dewey Decimal Classification     جــــامعة القــاهرة مكتبة كلية الحقوق - المبنى الرئيسي 06.04.2026   Law1 10 343.2 أ ح . د 3 ed - 2009 1008698 C2 B10-08698 06.04.2026 06.04.2026 Books القانون الجنائي
    Dewey Decimal Classification     جــــامعة القــاهرة مكتبة كلية الحقوق - فـرع الشيخ زايد 06.04.2026   Law2 10 343.2 أ ح . د 3 ed - 2009 1008699 C3 B10-08699 06.04.2026 06.04.2026 Books القانون الجنائي

© All rights reserved — Faculty of Law, Cairo University